| 000 | 00805nam a2200253Ia 4500 | ||
|---|---|---|---|
| 003 | OSt | ||
| 005 | 20220923224810.0 | ||
| 006 | a|||||r|||| 00| 0 | ||
| 007 | ta | ||
| 008 | 220922b |||||||| |||| 00| 0 hin d | ||
| 024 | _a250,837 | ||
| 037 | _cTextual | ||
| 040 |
_aARTS _cARTS _bhin |
||
| 041 |
_2hin _ahin |
||
| 082 | _aO152,1K73:g, H9.2 | ||
| 100 | _aबदरायनी; चारूबल | ||
| 245 | 0 | _aप्राचीन भारत संस्कृति दर्शन | |
| 246 | _aPrāchīn bhārat sanskṛuti darshana | ||
| 260 |
_aृ _c1949 |
||
| 300 |
_a299पृ. _ccm. |
||
| 650 |
_aहिन्दी साहित्य _9156264 |
||
| 942 |
_hO152,1K73:g, H9.2 _cTEXL _2CC |
||
| 999 |
_c373721 _d373721 |
||